000 00750nam a2200217Ii 4500
003 JO-AjNU
008 230605s9999||||xx |||||||||||||| ||und||
017 _a2012/12/4537
020 _a978-9957-49-051-5
040 _aJO-AjNU
_bara
_erda
_cJO-AjNU
041 _aara
050 1 4 _aPJ7840.I54 2013
100 3 _aأبو عراق، محمد,
_eauthor
_947440
245 0 0 _aخديعة الجهات
264 3 1 _aعمان: وزارة الثقافة، 2013
300 _a103ص
_bصدر بمناسبة عجلون مدينة الثقافة الاردنية، 2013
336 _atext
_btxt
_2rdacontent
337 _aunmediated
_bn
_2rdamedia
338 _avolume
_bnc
_2rdacarrier
650 4 _aالشعر العربي - الشعر الحديث
_947441
999 _aA20710
_c24278
_d24278